000 004260000a22001810004500
003 MACL
005 20160106133640.0
008 160106b xxu||||| |||| 00| 0 eng d
040 _aMACL
_cMACL
041 _aEnglish
082 _a823/MUR
100 _aMurari, T N
_928675
245 _aTaj
_bA novel
260 _bNew English Library
_c1985
_aLondon
350 _a75
650 _aFiction
_928676
942 _cBK
_k823/MUR
_2ddc
999 _c33798
_d33798